Compendio de políticas culturales : (Registro nro. 4793)

Detalles MARC
000 -LEADER
fixed length control field 01019nam a2200241Ia 4500
003 - CONTROL NUMBER IDENTIFIER
control field OSt
005 - DATE AND TIME OF LATEST TRANSACTION
control field 20200505122424.0
008 - FIXED-LENGTH DATA ELEMENTS--GENERAL INFORMATION
fixed length control field 191128s2009 ck gr 000 0 spa d
020 ## - INTERNATIONAL STANDARD BOOK NUMBER
International Standard Book Number 9789589177211
040 ## - CATALOGING SOURCE
Original cataloging agency CO-JMCR
Transcribing agency CO-JMCR
041 0# - LANGUAGE CODE
Language code of text/sound track or separate title spa
082 04 - DEWEY DECIMAL CLASSIFICATION NUMBER
Classification number 306.09861 /
Item number G351c
100 1# - MAIN ENTRY--PERSONAL NAME
Personal name Gómez Rincón, María Barbarita,
Relator term editora
9 (RLIN) 3943
245 10 - TITLE STATEMENT
Title Compendio de políticas culturales :
Remainder of title documento de discusión 2009 /
Statement of responsibility, etc. editora, María Barbarita Gómez Rincón
250 ## - EDITION STATEMENT
Edition statement Primera edición
260 ## - PUBLICATION, DISTRIBUTION, ETC.
Place of publication, distribution, etc. Bogotá :
Name of publisher, distributor, etc. Ministerio de Cultura,
Date of publication, distribution, etc. 2009
300 ## - PHYSICAL DESCRIPTION
Extent 508 páginas ;
Dimensions 28 cm.
505 ## - FORMATTED CONTENTS NOTE
Formatted contents note Contextos -- Políticas -- Interpretaciones
520 ## - SUMMARY, ETC.
Summary, etc. Todo acto cultural tiene consecuencias. Y toda política cultural deja un legado capaz de transformar a la sociedad. De las inmensas repercusiones de un acto, en apariencia lateral, puede dar fe la Real Expedición Botánica.
650 14 - SUBJECT ADDED ENTRY--TOPICAL TERM
Topical term or geographic name entry element Política Política cultural
9 (RLIN) 3944
650 24 - SUBJECT ADDED ENTRY--TOPICAL TERM
Topical term or geographic name entry element Política gubernamental
9 (RLIN) 1835
942 ## - ADDED ENTRY ELEMENTS (KOHA)
Source of classification or shelving scheme Dewey Decimal Classification
Koha item type Books
Existencias
Withdrawn status Lost status Source of classification or shelving scheme Materials specified (bound volume or other part) Damaged status Not for loan Home library Current library Shelving location Date acquired Source of acquisition Cost, normal purchase price Total Checkouts Full call number Barcode Date last seen Copy number Price effective from Koha item type
    Dewey Decimal Classification Donación--15/04/2018--     Biblioteca Pública José María del Castillo y Rada Biblioteca Pública José María del Castillo y Rada General Stacks 11/28/2019 Donación 0.00   306.09861 / G351c 430000476 05/16/2024 Ej.1 11/28/2019 Books